Focus sur: Beleth - Tolkien - Statistiques

Statistiques générales
  • Ce quiz a été pris 3 fois
  • Le résultat moyen est 6 sur 9
Statistiques - réponses
Informations recherchées Réponses % Correct
Espèce Homme
100%
Première apparition Le Silmarillion
100%
Age durant lequel il vécut Premier
100%
Profession et titre Serviteur de la maison de Bëor
100%
Contrée Dorthonion
67%
Maison (lignée) Peuple de {Bëor}
67%
Frères Baragund
33%
Frères Belegund
0%
Père Bregolas
0%
Aucun quiz correspondant
Distribution des résultats
% des personnes avec chaque résultat
Percentile par nombre de réponses
Votre historique - résultats
Vous n’avez pas pris ce quiz